00491nam a2200169Ia 450000500170000000800410001708200130005810000240007124500220009526000480011730000120016565000100017765000180018794200060020595200950021199900150030620250305011440.0240331s9999 xx 000 0 und d bPRAa808 aPrasanna Arachchi,S 0aPaththini vandana aNugegodabSamana Pragasana mandhiriyac2004 a288 p., aWomen aShort Stories cL 001040708LaWERCLbWERCLcSSCd2024-03-31l0o 808 PRAp5651r2024-03-31w2024-03-31yL c5098d5098